| 000 | 00707nam a22002291 4500 | ||
|---|---|---|---|
| 001 | 3121232 | ||
| 003 | ARRUPE | ||
| 005 | 20220506091629.0 | ||
| 008 | 700914s1968 nyua b 000 0 eng | ||
| 010 | _a 68018416 | ||
| 040 |
_aDLC _cDLC _dDLC |
||
| 050 | 0 | 0 |
_aQA21 _b.G75 |
| 082 | 0 | 0 | _a510/.09 |
| 100 | 1 |
_aGroza, Vivian Shaw. _951466 |
|
| 245 | 1 | 2 |
_aA survey of mathematics; _belementary concepts and their historical development. |
| 260 |
_aNew York, _bHolt, Rinehart and Winston _c[1968] |
||
| 300 |
_axvi, 327 p. _billus. _c25 cm. |
||
| 504 | _aBibliography: p. xv-xvi. | ||
| 650 | 0 |
_aMathematics _xHistory. _914019 |
|
| 906 |
_a7 _bcbc _corignew _du _encip _f19 _gy-gencatlg |
||
| 942 |
_cMONOGRAPH _2lcc |
||
| 999 |
_c131369 _d131369 |
||